000 00840nam a2200265 i 4500
001 105401
003 ES-MaACL
005 20250727040751.0
007 t|
008 060706s1958 xxu ||||1| eng d
080 _a330.84/.86(091)
080 _a329.15(091)
080 _a17.021.2
100 1 _aDunayevskaya, Raya.
_946023
245 1 0 _aMarxism and freedom, from 1776 until today /
_cRaya Dunayevskaya ; with a preface by Herbert Marcuse.
260 _aNew York :
_bBookman Associates,
_c[1958]
300 _a384 p. ;
_c22 cm.
500 _aBiblioteca Juan Andrade.
650 4 _aSocialismo-
_xHistoria.
_9135485
650 1 4 _aComunismo-
_vHistoria
_911222
650 1 4 _aLibertad.
_914400
700 0 _aMarcuse, Herbert,
_d1898-1979
_976559
852 _aES-MaACL
_jAND-197
_bR.109517
999 _c105401
_d105401